000 00247nam a2200097Ia 4500
001 683274
005 20250826161435.0
008 250824s9999 xx 000 0 und d
245 0 _aSON KAHRAMANLAR
_cRECEP ŞÜKRÜ APUHAN
260 _bTİMAŞ YAYINLARI
999 _c683274
_d683274